A Menina Gotinha de Água (Registo nº 3900)
[ vista simples ]
| 000 -Etiqueta do registo | |
|---|---|
| Cabeçalho | 00509cam a2200193 i 4500 |
| 005 - Identificador da versão | |
| Campo de controlo | 20240813122047.0 |
| 100 ## - Dados gerais de processamento | |
| Dados gerais de processamento | 20101025d19631972c y0pory5003 ba |
| 102 ## - Pais de publicação ou produção | |
| País de publicação | Portugal |
| 101 0# - Língua de publicação | |
| Língua do texto, banda sonora, etc. | Português |
| 215 ## - Descrição física | |
| Indicação específica da natureza do documento e extensão da espécie | 62 p. |
| 200 1# - Titulo e menção de responsabilidade | |
| Título próprio | A Menina Gotinha de Água |
| Informação de outro título | poema para crianças |
| Primeira menção de responsabilidade | Papiano Carlos |
| Outras menções de responsabilidade | il. João da Câmara Leme |
| 225 1# - Colecção | |
| Título próprio da colecção | Pequenos Pioneiros |
| 205 ## - Menção da edição | |
| Menção da edição | 3ª ed. |
| 210 ## - Publicação, Distribuição, etc. | |
| Lugar da edição, distribuição, etc. | Lisboa |
| Nome do editor, distribuidor, etc. | Portugália Editora |
| Data da publicação, distribuição, etc. | 1972 |
| 700 #1 - Nome de autor-pessoa física (responsabilidade principal) | |
| Número de registo de entrada de autoridade | 0000362 |
| Palavra de ordem | Carlos |
| Outra parte do nome não tomada para palavra de ordem | Papiano |
| 942 ## - Elementos de entrada adicionados (Koha) | |
| Tipo de item no Koha | Livro |
| Situação do levantamento | Origin of item (home branch) (coded) | Biblioteca de empréstimo | Código de barras | Cota | Circulation type (not for loan) | Tipo de documento | Nota do exemplar | Damaged status |
|---|---|---|---|---|---|---|---|---|
| Biblioteca Escolar das Vendas | Biblioteca Escolar das Vendas | BEV244 | 8POR CAR | Livro | Sem mensagem | |||
| Biblioteca Escolar das Vendas | Biblioteca Escolar das Vendas | BEV245 | 8POR CAR | Livro | Sem mensagem |
